| 000 | 00562nam a2200205 a 4500 | ||
|---|---|---|---|
| 005 | 20241129063743.0 | ||
| 008 | 070822s2003 mx r 000 0 spa d | ||
| 020 | _a9686986316 | ||
| 035 | _aUPN01000151177 | ||
| 049 | _aI | ||
| 050 | 4 |
_aPZ74.3 _bL6.3 |
|
| 100 | 1 | _aLópez Mendoza, Rebeca A. | |
| 245 | 1 | 0 |
_aDimes y diretes / _cRebeca A. López Mendoza. |
| 260 |
_aMéxico : _bAvante, _c2003. |
||
| 300 |
_a91 p. : _bil. |
||
| 650 | 4 |
_aPoesía infantil mexicana _91260 |
|
| 650 | 4 |
_aAdivinanzas _9114 |
|
| 650 | 7 |
_aTrabalenguas _2 _913314 |
|
| 905 | _aInfantil | ||
| 999 |
_c123316 _d123316 |
||